000 01254nam a22001457a 4500
999 _c530420
_d530420
008 250613b ||||| |||| 00| 0 eng d
100 _aDash, Sasmita
_954346
245 _aA conceptual analysis of technology usage and work–family interface among millennials in india
260 _aVikalpa: The Journal for Decision Makers
300 _a50(1), Jan-Mar, 2025: p.69-81
520 _aDecades of studies on the work-family interface and the preponderance of literature make it rather ambiguous to find a future direction for research. While only in the past decade technology and generational cohorts have been studied concerning the work-family interface. Millennials, the youngest generational cohort in the workforce with the maximum potential for technology use, have seldom been analysed. This article attempted to draw propositions from existing literature and arguments, considering work-family conflict and negative outcomes concerning technology use and generational cohorts.-Reproduced https://journals.sagepub.com/doi/full/10.1177/02560909251314252
650 _aPerceived Digital Overuse (PDO), Generational cohorts, Millennial, Work-Family Conflict, Gender
_954347
773 _0Vikalpa: The Journal for Decision Makers
942 _cAR